La actualidad de Alemania

Đã lưu trong:
Chi tiết về thư mục
Tác giả của công ty: Departamento de Prensa e Información del Gobierno Federal (Tác giả)
Định dạng: Sách
Ngôn ngữ:Tiếng Tây Ban Nha
Được phát hành: Frankfurt am Main Societäts 1998
Những chủ đề:
Các nhãn: Thêm thẻ
Không có thẻ, Là người đầu tiên thẻ bản ghi này!

MARC

LEADER 00000nam a2200000 a 4500
001 UCH5186
003 CL-VaPUC
008 091008e19980000GW |||||||||||||||||spa|d
020 |a 3797306709 
082 0 4 |a 943  |b DEP  |2 21 
110 2 |a Departamento de Prensa e Información del Gobierno Federal  |e author  |9 541396 
245 1 3 |a La actualidad de Alemania 
300 |a 604 p 
942 |c BK 
945 |d 20091008 00:00:00  |a rbrito 
260 |a Frankfurt am Main  |b Societäts  |c 1998 
650 7 |a HISTORIA DE ALEMANIA SIGLO 20  |2 CL-VaPUC  |9 358327 
651 0 |a Alemania  |9 255688 
583 |a last modification  |c 20091008 00:00:00  |k Rodrigo Vera 
999 |c 336369  |d 336367 
952 |0 0  |1 0  |4 0  |6 943_000000000000000_DEP_1998  |7 0  |8 X  |9 427592  |a FDOBUD  |b FDOBUD  |d 2019-11-22  |i 4605047  |o 943 DEP 1998  |p 4605047  |r 2019-11-22  |w 2019-11-22  |y BK_X  |k BUD